Noncommutative microlocal analysis
Αποθηκεύτηκε σε:
| Κύριος συγγραφέας: | |
|---|---|
| Μορφή: | Βιβλίο |
| Γλώσσα: | English |
| Δημοσίευση: |
Providence, R.I., USA :
American Mathematical Society,
1984-
|
| Σειρά: | Memoirs of the American Mathematical Society ;
; 313 |
| Θέματα: | |
| Ετικέτες: |
Προσθήκη ετικέτας
Δεν υπάρχουν, Καταχωρήστε ετικέτα πρώτοι!
|
MARC
| LEADER | 00000cam a2200000 i 4500 | ||
|---|---|---|---|
| 001 | 1/50099 | ||
| 008 | 941103m19849999 eng d | ||
| 020 | |a 0821823140 | ||
| 035 | |l 10043791 | ||
| 035 | |a 1993 | ||
| 040 | |a GR-MY-UA |b gre |e aacr | ||
| 041 | 0 | |a eng | |
| 082 | 0 | |a 515.353 |2 (19) | |
| 100 | 1 | |a Taylor, Michael Eugene |d 1946- | |
| 245 | 1 | 0 | |a Noncommutative microlocal analysis / |c Michael E. Taylor |
| 260 | |a Providence, R.I., USA : |b American Mathematical Society, |c 1984- | ||
| 300 | |a 182 p. ; |c 26 cm | ||
| 490 | 1 | |a Memoirs of the American Mathematical Society |v ; 313 | |
| 500 | |a "November 1984, volume 52, number 313." | ||
| 500 | |a Includes index | ||
| 504 | |a Bibliography: v. 1, p. 175-182 | ||
| 650 | 0 | 0 | |a Differential equations, Hypoelliptic. |
| 650 | 0 | 0 | |a Pseudodifferential operators. |
| 650 | 0 | 0 | |a Lie groups. |
| 650 | 0 | 0 | |a Microlocal analysis. |
| 830 | 0 | |a Memoirs of the American Mathematical Society ; |v ; 313 | |
| 852 | |a INST |b SAMOS |e 19941103 |h 515.353 TAY |p 005300007709 |q 005300007709 |t BK |y 0 |z v.1 | ||
| 852 | |a INST |b SAMOS |e 19941103 |h 515.353 TAY |p 005300007709 |q 005300007709 |t BK |v v.1: |y 0 |z v.1 | ||
| 853 | |a INST |b SAMOS |h 515.353 TAY | ||
| 909 | |a Σ |b 033641 | ||